000 01108nam a2200361 4500
001 34335
003 BD-RjUL
005 20211209052137.0
008 140515s1984 nyua b 000 0 eng d
020 _a0394351525
035 _aMITb10151522
035 _a(OCoLC)08947112
035 _a(BD-RjUL)34429
040 _aDLC
_cDLC
_dBD-RjUL
_beng
041 _aeng
082 _a301
_bBAS 1984
099 _aHM51.B33 1982
100 1 _aBassis, Michael S.
_9101025
245 1 0 _aStudy guide to acoompany Sociology : an introduction /
_cMichael S. Bassis, Richard J. Gelles, Ann Levine
250 _a2nd. ed.
260 _aNew York :
_bHarcourt Brace Jovanovich,
_cc1984.
300 _aiv, 222 p. :
_bill. ;
_c25 cm.
504 _aIncludes bibliographies .
650 0 _aSociology.
_9104409
650 0 _aSocial problems.
_9104410
651 0 _aUnited States
_xSocial conditions.
_9104411
700 1 _aGelles, Richard J.
_9101027
700 1 _aLevine, Ann.
_9101028
700 1 _aMerton, Robert King,
_d1910-2003.
_97046
942 _2ddc
_cBK
999 _c34335
_d34335